Smallest country bordering any found country - Statistics

General Stats
  • This quiz has been taken 20 times
  • The average score is 68 of 152
Answers on the Map
Answers color-coded by a green-red scale on the quiz's map according to % correct below.
 
Answer Stats
Pays % Correct
Italy
100%
Vatican City
100%
San Marino
88%
Slovenia
88%
Austria
69%
Czech Republic
69%
Liechtenstein
69%
Slovakia
69%
Switzerland
69%
Albania
63%
Belarus
63%
Belgium
63%
Bosnia and Herzegovina
63%
Bulgaria
63%
Croatia
63%
Denmark
63%
Serbia
63%
Estonia
63%
France
63%
Germany
63%
Greece
63%
Hungary
63%
Kosovo
63%
Latvia
63%
Lithuania
63%
Luxembourg
63%
Moldova
63%
Montenegro
63%
Netherlands
63%
North Macedonia
63%
Poland
63%
Romania
63%
Ukraine
63%
Andorra
56%
Armenia
56%
Azerbaijan
56%
Egypt
56%
Georgia
56%
Guyana
56%
Iraq
56%
Israel
56%
Jordan
56%
Kuwait
56%
Lebanon
56%
Monaco
56%
Portugal
56%
Spain
56%
Suriname
56%
Syria
56%
Turkey
56%
Venezuela
56%
Morocco
50%
Belize
44%
Colombia
44%
Costa Rica
44%
Ecuador
44%
El Salvador
44%
Guatemala
44%
Honduras
44%
Mauritania
44%
Nicaragua
44%
Panama
44%
Benin
38%
Botswana
38%
Burkina Faso
38%
Burundi
38%
Cameroon
38%
Canada
38%
Central African Republic
38%
Djibouti
38%
Equatorial Guinea
38%
Eritrea
38%
Eswatini
38%
Ethiopia
38%
Finland
38%
Gabon
38%
Gambia
38%
Ghana
38%
Guinea
38%
Guinea-Bissau
38%
Ivory Coast
38%
Kenya
38%
Lesotho
38%
Liberia
38%
Libya
38%
Malawi
38%
Mozambique
38%
Namibia
38%
Nigeria
38%
Norway
38%
Republic of the Congo
38%
Russia
38%
Rwanda
38%
Saudi Arabia
38%
Senegal
38%
Sierra Leone
38%
Somalia
38%
South Africa
38%
South Sudan
38%
Sweden
38%
Tanzania
38%
Togo
38%
Tunisia
38%
Uganda
38%
Zambia
38%
Zimbabwe
38%
Afghanistan
31%
Algeria
31%
Angola
31%
Argentina
31%
Bangladesh
31%
Bhutan
31%
Bolivia
31%
Brazil
31%
Brunei
31%
Cambodia
31%
Chad
31%
Chile
31%
China
31%
Democratic Republic of the Congo
31%
East Timor
31%
India
31%
Indonesia
31%
Iran
31%
Kazakhstan
31%
Kyrgyzstan
31%
Laos
31%
Malaysia
31%
Mali
31%
Mexico
31%
Mongolia
31%
Myanmar
31%
Nepal
31%
Niger
31%
North Korea
31%
Oman
31%
Pakistan
31%
Papua New Guinea
31%
Paraguay
31%
Peru
31%
Qatar
31%
South Korea
31%
Sudan
31%
Tajikistan
31%
Thailand
31%
Turkmenistan
31%
United Arab Emirates
31%
United States
31%
Uruguay
31%
Uzbekistan
31%
Vietnam
31%
Yemen
31%
No matching quizzes found
Score Distribution
Percent of People with Each Score
Percentile by Number Answered
Your Score History
You have not taken this quiz